Informácia k vybraným ustanoveniam novely daňového poriadku s účinnosťou od 1.1. 2018 a od 1.1. 2019

Informácia o novelách k daňovému poriadku schválených v priebehu roka 2017. Ilustračné príklady.

Salvato in:
Dettagli Bibliografici
Autore principale: Jurčíková, Božena
Natura: Capitolo di libro
Lingua:slovacco
Soggetti:
Tags: Aggiungi Tag
Nessun Tag, puoi essere il primo ad aggiungerne!!

MARC

LEADER 00000naa a2200000 4500
001 0238411
005 20220805074559.9
041 0 |a slo 
044 |a SK 
245 1 0 |a Informácia k vybraným ustanoveniam novely daňového poriadku s účinnosťou od 1.1. 2018 a od 1.1. 2019  |c Božena Jurčíková 
520 |a Informácia o novelách k daňovému poriadku schválených v priebehu roka 2017. Ilustračné príklady. 
610 2 0 |a poriadok daňový 
610 2 0 |a zákony 
610 2 0 |a Slovensko 
610 2 0 |a novelizácia 
100 1 |a Jurčíková, Božena